Catálogo
 En Linea

Julia de Burgos : (Registro nro. 6414)

Detalles MARC
000 -CABECERA
campo de control de longitud fija 00621cam a2200181 a 4500
001 - NÚMERO DE CONTROL
campo de control 000006624
005 - FECHA Y HORA DE LA ÚLTIMA TRANSACCIÓN
campo de control 20200929153948.0
008 - DATOS DE LONGITUD FIJA--INFORMACIÓN GENERAL
campo de control de longitud fija 731128s1966 pr a 000 0 spa d
040 ## - FUENTE DE LA CATALOGACIÓN
Centro catalogador/agencia de origen DO-SdBNP
Lengua de catalogación spa
Centro/agencia transcriptor BNPHU
082 ## - NÚMERO DE LA CLASIFICACIÓN DECIMAL DEWEY
Número de clasificación 928.95
Número de documento/Ítem B957J
100 1# - ENTRADA PRINCIPAL--NOMBRE DE PERSONA
Nombre de persona Jiménez de Báez, Yvette.
9 (RLIN) 8757
245 10 - MENCIÓN DE TÍTULO
Título Julia de Burgos :
Resto del título vida y poesía /
Mención de responsabilidad, etc. Yvette Jiménez de Báez.
260 ## - PUBLICACIÓN, DISTRIBUCIÓN, ETC.
Lugar de publicación, distribución, etc. San Juan, Puerto Rico :
Nombre del editor, distribuidor, etc. Borinque;
-- Coqui,
Fecha de publicación, distribución, etc. 1966.
300 ## - DESCRIPCIÓN FÍSICA
Extensión 210 p. :
Otras características físicas il. ;
Dimensiones 23 cm.
504 ## - NOTA DE BIBLIOGRAFÍA, ETC.
Nota de bibliografía, etc. Incluye bibliografía (p. 203-207).
600 10 - PUNTO DE ACCESO ADICIONAL DE MATERIA--NOMBRE DE PERSONA
Nombre de persona BURGOS, JULIA DE,
Fechas asociadas al nombre 1914-1953
9 (RLIN) 14090
650 #4 - PUNTO DE ACCESO ADICIONAL DE MATERIA--TÉRMINO DE MATERIA
Término de materia o nombre geográfico como elemento de entrada Poetas puertorriqueños
Subdivisión general Biografía
9 (RLIN) 18386
Existencias
Estado de retiro Estado de pérdida Restricciones de uso No para préstamo Código de colección Localización permanente Ubicación/localización actual Ubicación en estantería Fecha de adquisición Número de inventario Total de préstamos Signatura topográfica completa Código de barras Fecha visto por última vez Precio válido a partir de Tipo de ítem Koha
        Monografías: Libros y Folletos General General Depósito 01.09.2009 LF1   928.95 B957J 6624-10 25.06.2020 25.06.2020 Préstamo en sala

Con tecnología Koha